| 000 | 00399nam a2200157Ia 4500 | ||
|---|---|---|---|
| 008 | 151015s9999 xx 000 0 und d | ||
| 020 | _a9.780495555e+012 | ||
| 050 | _aQc21.3.s462009 | ||
| 245 | _aVuille Chris | ||
| 250 | _a_College Physics | ||
| 260 | _a8th ed. | ||
| 300 | _aUSA Brooks cole 2009 | ||
| 500 | _aincludes index | ||
| 650 | _a_Physics | ||
| 700 | _a^d20110120 08:36:41^okilerai | ||
| 999 |
_c250 _d250 |
||